000 00715nam a2200217 a 4500
001 64306
003 BD-RjUL
005 20211209081306.0
008 170213s1968 ii ||||| |||| 00| 0 ben d
035 _a(BD-RjUL)64436
040 _aBD-RjUL
_bben
_cBD-RjUL
_dBD-RjUL
041 _aben
082 _223
_a891.443
_bCHP 1968
100 _aচৌধুরী, আশরাফ
_9157750
245 1 0 _aপ্রেম /
_cআশরাফ চৌধুরী
260 _aকলিকাতা :
_bএ চৌধুরী,
_c১৯৬৮
300 _a১৮৮ পৃ. ;
_c২৩ সেমি.
650 _aবাংলা উপন্যাস
_9157751
650 _aBengali Fiction
_9157752
942 _2ddc
_cBK
999 _c64306
_d64306